Normal view
MARC view
- Mik Wisniewski
Entry Personal Name
001 - CONTROL NUMBER
- control field: 125167
003 - CONTROL NUMBER IDENTIFIER
- control field: NUST
005 - DATE AND TIME OF LATEST TRANSACTION
- control field: 20240815175821.0
008 - FIXED-LENGTH DATA ELEMENTS
- fixed length control field: 240815|| aca||aabn | a|a d
040 ## - CATALOGING SOURCE
- Original cataloging agency: NUST
- Transcribing agency: NUST
100 ## - HEADING--PERSONAL NAME
- Personal name: Mik Wisniewski
670 ## - SOURCE DATA FOUND
- Source citation: Work cat.: (NUST): Mik Wisniewski, Linear Programming, 2001.
